He Kaine Diatheke (Record no. 155561)

MARC details
000 -LEADER
campo de control de longitud fija 00934nam a2200217 i 4500
001 - NÚMERO DE CONTROL
campo de control 155561
003 - IDENTIFICADOR DE NÚMERO DE CONTROL
campo de control ES-MaACL
005 - FECHA Y HORA DE LA ÚLTIMA TRANSACCIÓN
campo de control 20250928124808.0
008 - DATOS DE LONGITUD FIJA--INFORMACIÓN GENERAL
campo de control de longitud fija 170620s1880 fr |||| | lat d
130 0# - ENTRADA PRINCIPAL--TÍTULO UNIFORME
Título uniforme Biblia.
Nombre de parte o sección de la obra N.T.
Lenguaje de la obra Griego-Latín.
9 (RLIN) 163095
245 12 - MENCIÓN DEL TÍTULO
Título He Kaine Diatheke
Resto del título =Novum Testamentum graece et latine, /
Mención de responsabilidad, etc. in antiquis testibus textum versionis Vulgatae latinae indagavit lectionesque variantes Stephani et Griesbachii notavit,... Jager in consilium adhibito, Constantinus Tischendorf.
260 ## - PUBLICACIÓN, DISTRIBUCIÓN, ETC.
Lugar de publicación, distribución, etc. Parisiis :
Nombre del editor, distribuidor, etc. Ambrosio Firmin-Didot,
Fecha de publicación, distribución, etc. 1880.
300 ## - DESCRIPCIÓN FÍSICA
Extensión IX,411, 39 p. ;
Dimensiones 27 cm.
500 ## - NOTA GENERAL
Nota general "Lectiones variantes" e índice en paginación separada.
597 ## - NOTA DE DESCRIPCIÓN FÍSICA
NOTA DE DESCRIPCIÓN FÍSICA Texto paralelo en latin y griego antiguo.
597 ## - NOTA DE DESCRIPCIÓN FÍSICA
NOTA DE DESCRIPCIÓN FÍSICA Texto a dos columnas.
700 1# - ENTRADA AGREGADA--NOMBRE PERSONAL
Nombre de persona Tischendorf, Constantin von,
Fechas asociadas al nombre 1815-1874
9 (RLIN) 133267
700 0# - ENTRADA AGREGADA--NOMBRE PERSONAL
Nombre de persona Jager, Jean Nicolas.
9 (RLIN) 65918
852 ## - LOCALIZACIÓN
Ubicación ES-MaACL
Número de control de estantería B-2457
Holdings
Estatus retirado Estado de pérdida Estado de daño No para préstamo Colección Biblioteca de origen Biblioteca actual Ubicación en estantería Fecha de adquisición Fuente de adquisición Total de préstamos Signatura topográfica completa Código de barras Visto por última vez Precio de reemplazo Tipo de ítem Koha
        Libros del s. XIX Biblioteca del Ateneo de Madrid Biblioteca del Ateneo de Madrid Sala Pardo Bazán 20/06/2017     B-2457 1197749 23/02/2023 23/02/2023 Libro impreso antiguo